[Event "Titled Tuesday intern op 17th Sep Early"]
[Site "Chess,com INT"]
[Date "2024.09.17"]
[Round "3"]
[White "Piddubna, Bozhena"]
[Black "Koziorowicz, Michal"]
[Result "1/2-1/2"]
[WhiteElo "2176"]
[BlackElo "2289"]
[PlyCount "123"]
[EventDate "2024.09.17"]
[EventType "swiss (blitz)"]
[EventRounds "11"]
[EventCountry "USA"]
[SourceTitle "EXT 2025"]
[Source "ChessBase"]
[SourceDate "2024.10.14"]
[SourceVersion "1"]
[SourceVersionDate "2024.10.14"]
[SourceQuality "1"]

1. c4 e5 2. Nc3 f5 3. d4 d6 4. dxe5 dxe5 5. Qxd8+ Kxd8 6. Nf3 Nd7 7. Bg5+ Be7 8. Nd5 h6 9. Bxe7+ Nxe7 10. 0-0-0 c6 11. Nc3 Kc7 12. g3 e4 13. Nd4 Ne5 14. b3 a6 15. h3 c5 16. Nc2 Be6 17. Bg2 Rad8 18. g4 g6 19. f3 exf3 20. Bxf3 N5c6 21. e4 Nd4 22. Nxd4 cxd4 23. Nd5+ Bxd5 24. exd5 fxg4 25. hxg4 Rdf8 26. Be4 Rf4 27. Rxd4 Kd6 28. Rhd1 Rxg4 29. b4 b6 30. Bc2 Rxd4 31. Rxd4 Rc8 32. Rh4 h5 33. Re4 b5 34. Re6+ Kd7 35. c5 Nxd5 36. Rxg6 Nxb4 37. Bf5+ Kc7 38. Rg7+ Kb8 39. Bxc8 Kxc8 40. Kb2 Nd3+ 41. Ka3 Nxc5 42. Rh7 Nd3 43. Rxh5 Kb7 44. Rh6 Ka7 45. Kb3 Ne5 46. Kb4 Nd3+ 47. Ka5 Nc5 48. Rc6 Nb7+ 49. Kb4 Nd8 50. Rd6 Nb7 51. Rh6 Nd8 52. a3 Nb7 53. Rg6 Nd8 54. Rg8 Nb7 55. Rg7 Kb6 56. Rg6+ Ka7 57. a4 bxa4 58. Kxa4 Nc5+ 59. Kb4 Nb7 60. Ka4 Nc5+ 61. Kb4 Nb7 62. Ka4 1/2-1/2

[Event "Titled Tuesday intern op 10th Sep Early"]
[Site "Chess,com INT"]
[Date "2024.09.10"]
[Round "5"]
[White "Koziorowicz, Michal"]
[Black "Zaksaite, Salomeja"]
[Result "1-0"]
[WhiteElo "2289"]
[BlackElo "2194"]
[PlyCount "49"]
[EventDate "2024.09.10"]
[EventType "swiss (blitz)"]
[EventRounds "11"]
[EventCountry "USA"]
[SourceTitle "EXT 2025"]
[Source "ChessBase"]
[SourceDate "2024.10.14"]
[SourceVersion "1"]
[SourceVersionDate "2024.10.14"]
[SourceQuality "1"]

1. e4 c5 2. Nf3 Nc6 3. Bb5 Nf6 4. Nc3 g6 5. 0-0 Bg7 6. Bxc6 dxc6 7. d3 0-0 8. h3 Ne8 9. Be3 b6 10. Qd2 Nc7 11. Bh6 Ne6 12. Rae1 Nd4 13. Nxd4 cxd4 14. Ne2 c5 15. Bxg7 Kxg7 16. f4 f5 17. exf5 Bxf5 18. g4 Bc8 19. Ng3 Bb7 20. f5 Qd6 21. Kh2 Rae8 22. Qg5 Qf6 23. Nh5+ Kh8 24. Nxf6 exf6 25. Rxe8 1-0

[Event "Titled Tuesday intern op 10th Sep Late"]
[Site "Chess,com INT"]
[Date "2024.09.10"]
[Round "1"]
[White "Moussard, Jules"]
[Black "Koziorowicz, Michal"]
[Result "1-0"]
[WhiteElo "2600"]
[BlackElo "2289"]
[PlyCount "127"]
[EventDate "2024.09.10"]
[EventType "swiss (blitz)"]
[EventRounds "11"]
[EventCountry "USA"]
[SourceTitle "EXT 2025"]
[Source "ChessBase"]
[SourceDate "2024.10.14"]
[SourceVersion "1"]
[SourceVersionDate "2024.10.14"]
[SourceQuality "1"]

1. e4 e6 2. d4 d5 3. Nc3 Bb4 4. Nge2 dxe4 5. a3 Bxc3+ 6. Nxc3 Nf6 7. Bg5 h6 8. Bh4 0-0 9. Nxe4 Nbd7 10. Bd3 b6 11. Qf3 Rb8 12. Nxf6+ Nxf6 13. 0-0-0 Bb7 14. Qe2 Kh8 15. Rhg1 Qxd4 16. g4 Nd5 17. Bg3 Nf4 18. Qd2 Nxd3+ 19. Qxd3 Qxd3 20. Rxd3 Bd5 21. Bxc7 Rbc8 22. Be5 Rc6 23. f4 Rfc8 24. Bc3 Kg8 25. h4 Rc4 26. Rd4 Rxd4 27. Bxd4 Rc4 28. c3 Rc7 29. g5 h5 30. Re1 g6 31. Kd2 b5 32. Kc2 a6 33. Ra1 Kf8 34. a4 b4 35. Kd2 b3 36. a5 Ke8 37. Ra4 Rc4 38. Ra3 Rc6 39. Kd3 Bc4+ 40. Ke4 Kd7 41. Ra4 Bd5+ 42. Ke5 Rc4 43. Ra3 Rc6 44. Kf6 Ke8 45. Kg7 Rc7 46. Kg8 Rc6 47. Be5 Rc5 48. Ra1 Rc4 49. Ra3 Rc6 50. Ra4 Rc4 51. Ra1 Rc6 52. Re1 Rc4 53. Bd4 Rc6 54. Re5 Rc4 55. Kg7 Ra4 56. f5 gxf5 57. g6 fxg6 58. Kxg6 Kd7 59. Kxh5 Ra2 60. c4 Bxc4 61. Kg6 Bd5 62. h5 Ra1 63. h6 Rg1+ 64. Bxg1 1-0

[Event "Titled Tuesday intern op 10th Sep Early"]
[Site "Chess,com INT"]
[Date "2024.09.10"]
[Round "8"]
[White "Sarkar, Justin"]
[Black "Koziorowicz, Michal"]
[Result "0-1"]
[WhiteElo "2273"]
[BlackElo "2289"]
[PlyCount "54"]
[EventDate "2024.09.10"]
[EventType "swiss (blitz)"]
[EventRounds "11"]
[EventCountry "USA"]
[SourceTitle "EXT 2025"]
[Source "ChessBase"]
[SourceDate "2024.10.14"]
[SourceVersion "1"]
[SourceVersionDate "2024.10.14"]
[SourceQuality "1"]

1. d4 e6 2. e4 d5 3. Nc3 Bb4 4. e5 c5 5. a3 Bxc3+ 6. bxc3 Ne7 7. Qg4 Qc7 8. Qxg7 Rg8 9. Qxh7 cxd4 10. Ne2 Nbc6 11. f4 dxc3 12. Qd3 d4 13. Rg1 Bd7 14. Nxd4 Nxd4 15. Qxd4 Nf5 16. Qf2 0-0-0 17. g4 Ne7 18. Qxa7 Bc6 19. Be3 Nd5 20. Kf2 f6 21. Bc4 fxe5 22. Bxd5 exd5 23. Bb6 Qh7 24. f5 Qxh2+ 25. Rg2 Qf4+ 26. Kg1 d4 27. Bxd8 Qe3+ 0-1

[Event "Titled Tuesday intern op 27th Aug Early"]
[Site "Chess.com INT"]
[Date "2024.08.27"]
[Round "10"]
[White "Adamovics, Aleksejs"]
[Black "Koziorowicz, Michal"]
[Result "0-1"]
[WhiteElo "2112"]
[BlackElo "2288"]
[PlyCount "118"]
[EventDate "2024.08.27"]
[EventType "swiss (blitz)"]
[EventRounds "11"]
[EventCountry "USA"]
[SourceTitle "EXT 2025"]
[Source "ChessBase"]
[SourceDate "2024.10.14"]
[SourceVersion "1"]
[SourceVersionDate "2024.10.14"]
[SourceQuality "1"]

1. c4 e5 2. Nc3 f5 3. Nf3 Nc6 4. d4 e4 5. Ng5 Nf6 6. Nh3 d5 7. Nf4 Ne7 8. cxd5 Nexd5 9. Nfxd5 Nxd5 10. Nxd5 Qxd5 11. e3 c6 12. Bd2 Be6 13. b3 Be7 14. Bc4 Qd7 15. Qc2 0-0 16. 0-0 Kh8 17. Bxe6 Qxe6 18. Bc3 Qd5 19. Bb2 f4 20. exf4 Rxf4 21. Qc4 Qf5 22. Rae1 Rf8 23. Re2 Bd6 24. Qc2 Rh4 25. g3 Qh3 26. f4 Bxf4 27. gxf4 Rhxf4 28. Rxf4 Rxf4 29. Rf2 Qg4+ 30. Kh1 e3 31. Rxf4 Qxf4 32. Qe2 h6 33. Bc1 Qe4+ 34. Kg1 Qb1 35. Qe1 Qxa2 36. Qxe3 Qb1 37. Kf2 Qc2+ 38. Bd2 Qf5+ 39. Ke2 Qg4+ 40. Kd3 Qf5+ 41. Kc3 a5 42. Qe8+ Kh7 43. Qe7 b5 44. Qe3 b4+ 45. Kb2 Qg6 46. Qe2 Qf5 47. Be3 Qe4 48. Qc2 Qxc2+ 49. Kxc2 Kg6 50. Bf4 Kf5 51. Bc7 Ke4 52. Bxa5 Kxd4 53. Bxb4 g5 54. Bd2 c5 55. Bc1 Ke4 56. Kc3 Kf3 57. h4 gxh4 58. Bxh6 h3 59. Bf4 Kxf4 0-1

[Event "Titled Tuesday intern op 27th Aug Early"]
[Site "Chess.com INT"]
[Date "2024.08.27"]
[Round "3"]
[White "Koziorowicz, Michal"]
[Black "Arcos Facio, Mateo"]
[Result "1-0"]
[WhiteElo "2288"]
[BlackElo "2067"]
[PlyCount "93"]
[EventDate "2024.08.27"]
[EventType "swiss (blitz)"]
[EventRounds "11"]
[EventCountry "USA"]
[SourceTitle "EXT 2025"]
[Source "ChessBase"]
[SourceDate "2024.10.14"]
[SourceVersion "1"]
[SourceVersionDate "2024.10.14"]
[SourceQuality "1"]

1. e4 e5 2. Nf3 Nc6 3. Nc3 Nf6 4. Nxe5 Nxe5 5. d4 Ng6 6. e5 Bb4 7. exf6 Qxf6 8. Bc4 0-0 9. 0-0 Bxc3 10. bxc3 c6 11. Re1 d5 12. Bd3 Bf5 13. Qf3 Rae8 14. Ba3 Nh4 15. Qf4 Rxe1+ 16. Rxe1 Nxg2 17. Kxg2 Bh3+ 18. Kg3 Qxf4+ 19. Kxf4 Rb8 20. Bd6 Rd8 21. Re7 g5+ 22. Kg3 Rxd6 23. Kxh3 Rf6 24. Kg3 h5 25. Rxb7 a5 26. Ra7 g4 27. Rxa5 Rf3+ 28. Kg2 h4 29. Ra8+ Kg7 30. Re8 h3+ 31. Kg1 Rf6 32. Re5 Kh6 33. a4 Rd6 34. Re1 Rd8 35. a5 Kg5 36. a6 Kf4 37. a7 Ra8 38. Ra1 f6 39. Bg6 Kf3 40. Bf5 Kf4 41. Bc8 Rxc8 42. a8Q Rxa8 43. Rxa8 Kf3 44. Rf8 f5 45. Rxf5+ Ke2 46. Rf6 Kd2 47. Rxc6 1-0

[Event "Polanica Zdroj op 60th"]
[Site "Polanica Zdroj"]
[Date "2024.08.19"]
[Round "3"]
[White "Koziorowicz, Michal"]
[Black "Xu, Yuze"]
[Result "0-1"]
[WhiteElo "2288"]
[BlackElo "2081"]
[PlyCount "94"]
[EventDate "2024.08.17"]
[EventType "swiss"]
[EventRounds "9"]
[EventCountry "POL"]
[SourceTitle "CBM 221 Extra"]
[Source "ChessBase"]
[SourceDate "2024.09.30"]
[SourceVersion "1"]
[SourceVersionDate "2024.09.30"]
[SourceQuality "1"]

1. e4 c5 2. Nf3 Nc6 3. Bb5 e6 4. d4 cxd4 5. Nxd4 Bc5 6. Nb3 Bb6 7. 0-0 Qh4 8. Qf3 Nf6 9. Nc3 Ne5 10. Qg3 Qxg3 11. hxg3 a6 12. Be2 Ke7 13. Bf4 d6 14. Nd2 Bd7 15. Rad1 Bc6 16. Nf3 Nxe4 17. Nxe5 dxe5 18. Bxe5 f6 19. Nxe4 fxe5 20. Nd2 Rad8 21. Bf3 Rhf8 22. Bxc6 bxc6 23. Ne4 Rd4 24. Rde1 h6 25. Kh2 Rfd8 26. f3 R4d5 27. g4 a5 28. Kg3 a4 29. Rh1 a3 30. b4 Rd4 31. g5 hxg5 32. Rh7 Kf7 33. Reh1 Kg6 34. R7h5 Rxe4 35. fxe4 Rd2 36. c4 Bf2+ 37. Kg4 Rxa2 38. R1h3 Bh4 39. g3 Re2 40. Rh8 Rxe4+ 41. Kf3 g4+ 42. Kxe4 gxh3 43. Kf3 e4+ 44. Kf2 e3+ 45. Kf3 a2 46. Ra8 h2 47. Kg2 e2 0-1

[Event "Polanica Zdroj op 60th"]
[Site "Polanica Zdroj"]
[Date "2024.08.18"]
[Round "2"]
[White "Ciszewski, Krzysztof"]
[Black "Koziorowicz, Michal"]
[Result "1/2-1/2"]
[WhiteElo "2090"]
[BlackElo "2288"]
[PlyCount "36"]
[EventDate "2024.08.17"]
[EventType "swiss"]
[EventRounds "9"]
[EventCountry "POL"]
[SourceTitle "CBM 221 Extra"]
[Source "ChessBase"]
[SourceDate "2024.09.30"]
[SourceVersion "1"]
[SourceVersionDate "2024.09.30"]
[SourceQuality "1"]

1. d4 Nf6 2. c4 e6 3. Nc3 Bb4 4. e3 0-0 5. Bd3 d5 6. Nf3 dxc4 7. Bxc4 c5 8. 0-0 cxd4 9. exd4 b6 10. a3 Bxc3 11. bxc3 Bb7 12. Bd3 Qc7 13. c4 h6 14. Bb2 Ng4 15. d5 exd5 16. cxd5 Nd7 17. Bf5 Ngf6 18. Bxd7 Nxd7 1/2-1/2

[Event "Polanica Zdroj op 60th"]
[Site "Polanica Zdroj"]
[Date "2024.08.17"]
[Round "1"]
[White "Koziorowicz, Michal"]
[Black "Sypien, Natan"]
[Result "1-0"]
[WhiteElo "2288"]
[BlackElo "2002"]
[PlyCount "61"]
[EventDate "2024.08.17"]
[EventType "swiss"]
[EventRounds "9"]
[EventCountry "POL"]
[SourceTitle "CBM 221 Extra"]
[Source "ChessBase"]
[SourceDate "2024.09.30"]
[SourceVersion "1"]
[SourceVersionDate "2024.09.30"]
[SourceQuality "1"]

1. e4 e5 2. Nf3 Nc6 3. Nc3 Nf6 4. a4 Bb4 5. Bd3 0-0 6. 0-0 Re8 7. Re1 d6 8. Nd5 Bc5 9. c3 a5 10. Bc2 h6 11. d4 Ba7 12. Qd3 Nb8 13. Nd2 c6 14. Ne3 Nbd7 15. Ndc4 d5 16. Nd6 dxe4 17. Qd1 Rf8 18. Nef5 exd4 19. Bxh6 gxh6 20. Nxh6+ Kg7 21. Nhf5+ Kh8 22. Rxe4 Nh7 23. Qh5 Qg5 24. Nxf7+ Rxf7 25. Qxf7 Ndf8 26. Nd6 Qf6 27. Re8 Qxf7 28. Nxf7+ Kg7 29. Nd6 dxc3 30. bxc3 Bc5 31. Rxc8 1-0